[Event "7th CHN-RUS"]
[Site "Ningbo CHN"]
[Date "2010.08.05"]
[Round "1"]
[White "Zhou Jianchao"]
[Black "Vitiugov,N"]
[Result "1/2-1/2"]
[WhiteElo "2668"]
[BlackElo "2722"]
[EventDate "2010.08.05"]

1. d4 Nf6 2. c4 e6 3. Nf3 d5 4. Nc3 Bb4 5. Qa4+ Nc6 6. e3 O-O 7. a3 Bxc3+
8. bxc3 Re8 9. Be2 Bd7 10. Qd1 Na5 11. Ne5 dxc4 12. Nxc4 Nxc4 13. Bxc4 c5
14. O-O Qc7 15. Bd3 Rad8 16. Be2 Bc6 17. Bb2 e5 18. Qc2 Qe7 19. Rad1 Qe6
20. dxe5 Qxe5 21. Rxd8 Rxd8 22. Rd1 Re8 23. c4 Qg5 24. Bf1 Nd7 25. h3 Nb6
26. Rd6 Qe7 27. Rd2 f6 28. Qf5 Na4 29. Bc1 Qe4 30. Qxe4 Rxe4 31. Rc2 Re8
32. f3 Rd8 33. Kf2 Nb6 34. e4 Nd7 35. Rd2 Kf7 36. Bb2 Ke7 37. Ke3 Ba4 38.
Bc3 Re8 39. h4 h5 40. Be2 1/2-1/2

[Event "7th CHN-RUS"]
[Site "Ningbo CHN"]
[Date "2010.08.09"]
[Round "5"]
[White "Timofeev,Arty"]
[Black "Zhou Jianchao"]
[Result "1-0"]
[WhiteElo "2690"]
[BlackElo "2668"]
[EventDate "2010.08.05"]

1. e4 e5 2. Nf3 Nc6 3. Bb5 Nf6 4. O-O Nxe4 5. d4 Nd6 6. Bxc6 dxc6 7. dxe5
Nf5 8. Qxd8+ Kxd8 9. Nc3 Bd7 10. Rd1 Ke8 11. h3 Ne7 12. Nd4 Ng6 13. f4 Rd8
14. Be3 h5 15. Ne4 Be7 16. c4 h4 17. Rf1 Bc8 18. Rae1 a6 19. c5 Rh5 20. b4
Kf8 21. a4 f5 22. Nd6 cxd6 23. cxd6 Ke8 24. Nb3 Bxd6 25. exd6 Rxd6 26. Na5
Re6 27. Nc4 b5 28. Nb6 Bb7 29. Bd2 Rxe1 30. Rxe1+ Kf7 31. axb5 cxb5 32. Rc1
Be4 33. Rc7+ Ke8 34. Be3 Ne7 35. Bc5 Nd5 36. Nxd5 Bxd5 37. Re7+ Kd8 38.
Rxg7 Ke8 39. Rg6 Rh8 40. Bd4 Rg8 41. Rxg8+ Bxg8 42. Bf2 Kf7 43. Bxh4 Kg6
44. Kf2 Bd5 45. g4 Be6 46. Kg3 Bd7 47. Bd8 Be6 48. Kf3 Bd7 49. gxf5+ Bxf5
50. h4 Kh5 51. Ke3 Kg4 52. Bg5 Bg6 53. Kd4 Kf5 54. Kd5 Bh5 55. Kc6 Be2 56.
Kb6 Kg6 57. Kxa6 Bd3 58. Kb6 Bc4 59. Kc6 Be2 60. Kc5 Bf1 61. Kd4 Bh3 62.
Ke5 Bg4 63. Bd8 Bd7 64. f5+ Kg7 65. Bf6+ Kh7 66. Bg5 Be8 67. Kd6 Kg7 68.
Kc5 Kh7 69. h5 Kg8 70. h6 Bd7 71. Bf6 Be8 72. Kd6 Bh5 73. Bd4 Bg4 74. f6
1-0